Mikro nie je málo

Rozhovor s generálnym riaditeľom SBA (Slovak Business Agency) o podpore malého a stredného podnikania. Poskytovanie mikropôžičiek. Posúdenie žiadosti o pôžičku. Pomoc pri podnikateľskom zámere. Čo SBA pripravuje pre firmy.

Salvato in:
Dettagli Bibliografici
Autore principale: Žitňanský, Eduard
Altri autori: Holák, Martin
Natura: Capitolo di libro
Lingua:slovacco
Soggetti:
Tags: Aggiungi Tag
Nessun Tag, puoi essere il primo ad aggiungerne!!

MARC

LEADER 00000naa a2200000 4500
001 0224376
005 20231113084026.3
041 0 |a slo 
044 |a SK 
245 1 0 |a Mikro nie je málo  |c Eduard Žitňanský, Martin Holák 
520 |a Rozhovor s generálnym riaditeľom SBA (Slovak Business Agency) o podpore malého a stredného podnikania. Poskytovanie mikropôžičiek. Posúdenie žiadosti o pôžičku. Pomoc pri podnikateľskom zámere. Čo SBA pripravuje pre firmy. 
610 2 0 |a podnikanie 
610 2 0 |a podnikatelia 
610 2 0 |a agentúry 
610 2 0 |a podpora podnikania 
610 2 0 |a pôžičky 
610 2 0 |a financie 
100 1 |a Žitňanský, Eduard 
700 1 |a Holák, Martin